000 01466cam a2200349Ia 4500
001 98524
005 20230410121149.0
008 001129s2000 sz r i000 0 eng d
035 _a(OCoLC)ocm45436698
040 _aESU
_cESU
_dGUL
_dIUL
_dOCL
_dOCLCQ
_dNLGGC
_dNYDRD
019 _a81007730
029 1 _aNLGGC
_b217195644
035 _a(OCoLC)45436698
_z(OCoLC)81007730
050 1 4 _aJX 1995
_bU58n 2000
082 0 0 _a341.2/025
086 _a[TD/]UNCTAD/NGLS/153
_2undoc
110 2 _aUnited Nations Non-Governmental Liaison Service.
245 1 4 _aThe NGLS handbook of UN agencies, programmes, funds and conventions working for sustainable economic and social development /
_cUnited Nations Non-Governmental Liaison Service ; [edited by Adrienne Cruz].
246 1 4 _aNGLS handbook : for NGOs about UN agencies, programmes and funds working for economic and social development, human rights and humanitarian operations, and environmental conventions
250 _a3rd ed.
260 _aGeneva, Switzerland ;
_aNew York, NY :
_bUnited Nations Non-Governmental Liaison Service- NGLS,
_c2000.
300 _axii, 372 p. ;
_c21 cm.
500 _a"UNCTAD/NGLS/153"--T.p. verso.
506 _aDistribution: General.
650 0 _aInternational agencies
_vDirectories.
610 2 0 _aUnited Nations
_vDirectories.
650 4 _aOrganismos internacionales
_xDirectorios
700 1 _aCruz, Adrienne.
942 _2lcc
_cbk
946 _aKK
994 _aC0
_bDRFGD
999 _c59212
_d59212